| 000 | 00346 a2200157 4500 | ||
|---|---|---|---|
| 001 | 177070 | ||
| 020 | _a | ||
| 040 | _cMagnum | ||
| 100 | _aAndrade, Carlos Drummond de | ||
| 240 | 1 | 0 |
_aVo caiu na piscina _lpor |
| 245 | 1 | 0 | _aVo caiu na piscina |
| 362 | 0 | _a1899 | |
| 440 | 1 | _aRecord | |
| 697 | _aMAGNITO: J/SOCIEDADE, COTIDIAN | ||
| 942 | _cBK | ||
| 999 |
_c177070 _d177070 |
||